| 000 | 00686nam a22001697a 4500 | ||
|---|---|---|---|
| 999 |
_c61439 _d61439 |
||
| 005 | 20240313155236.0 | ||
| 008 | 240313s1948 ru ||||| |||| 00| 0 rus d | ||
| 041 | _arus | ||
| 080 | _a62(38)(091) Э-47 | ||
| 245 |
_aЭллинистическая техника : _bСборник статей / _cред. И.И. Толстой. |
||
| 264 |
_aМ.-Л.: _bИздательство АН СССР, _c1948. |
||
| 300 |
_a368 с.: _bил.; _c23 см. |
||
| 440 |
_aНаучно-популярная серия _920761 |
||
| 653 | _aელინისტური ტექნიკა | ||
| 700 |
_aТолстой, И.И. _eრედაქტორი _921420 |
||
| 942 |
_2udc _cᲬᲘᲒᲜᲘ |
||